| 000 | 00745nam a2200265Ia 4500 | ||
|---|---|---|---|
| 005 | 20260401122406.0 | ||
| 008 | 008 250103s9999 xx 000 0 eng d | ||
| 037 | _aTB | ||
| 040 | _aEDL | ||
| 040 | _beng | ||
| 040 | _cEDL | ||
| 041 | _2eng | ||
| 041 | _aeng | ||
| 084 | _a909 DUR RR | ||
| 084 | _qEDL | ||
| 100 |
_aDurant, Will | Durant, Ariel _91233469 |
||
| 245 | 0 | _aStory of Civilization: Rousseau and Revolution-History of civilization in France, England, and Germany From 1756, and in the Remainder of Europe From 1715, to 1789 | |
| 245 | 0 | _cDurant, Will | Durant, Ariel | |
| 260 | _c1967 | ||
| 300 | _a516p | ||
| 942 | _cTB | ||
| 942 | _h909 DUR RR | ||
| 999 |
_c1846969 _d1846969 |
||